1990 1476 1546 1048 1586 1565 1386 1671 1470 1831 1295 1372 1115 1441 1973 1036 1596 1178 1182 1260 1667 1642 1122 1650 1655 1177 1095 1387 1367 1237 1894 1302 1786 1632 1708 1738 1718 1428 1692 1433 1558 1296 1159 1865 1512 1868 1375 1896 1651 1129 1420 1734 1245 1978 1239 1284 1020 1452 1263 1707 1419 1180 1744 1955 1604 1754 1950 1162 1648 1132 1551 1685 1997 1752 1453 1034 1032 1666 1292 1171 1705 1921 1411 1850 1223 1948 1398 1345 1769 1654 1555 1093 1905 1364 1380 1092 1459 1740 1097 BCNSPRNW ULIB Ver.6.0+V

เปลี่ยนเป็นภาษาไทย

Change to English
 แสดงรายละเอียดบรรณานุกรม
  กลับหน้าหลัก

Brief Record : Get Marc (ISO 2709) : E-mail record : QR code < ปิดหน้าต่าง
LEADER : 00000nam 2200000uu 4500
001    13399108211
003     ULIB
008    110221s2546||||th 000 0 tha d
020    9749143043
060 04 WY100^bฟ51ป 25546
100 0  ฟาริดา อิบราฮิม
245 10 ปฏิบัติการพยาบาลตามกรอบทฤษฎีการพยาบาล /^cฟาริดา อิบราฮิม
250    พิมพ์ครั้งที่ 1
260    กรุงเทพฯ :^bคณะพยาบาลศาสตร์ มหาวิทยาลัยมหิดล,^c2546
300    446, [2] หน้า ;^c30 ซม.
650  7 การพยาบาล
650  7 ทฤษฎีการพยาบาล
650  7 การพยาบาล, ทฤษฎี
710 2  มหาวิทยาลัยมหิดล. ^bคณะพยาบาลศาสตร์
945    ^p350^l0^i017152
945    ^p350^l0^i017151
945    ^p350^l0^i017149
945    ^p350^l0^i017148
945    ^p350^l0^i017150
945    ^p350^l0^i016978
995    ทศพร
999 ^a ใช้งานได้ทุกระบบ
รายการนี้ยังไม่มีแท็ก
คุณยังไม่ได้ล็อกอิน คุณสามารถมีกิจกรรมร่วมกับเว็บไซต์ได้ แต่ต้องล็อกอินก่อน ::
  ล็อกอิน

รายการสื่อสารสนเทศ

ลำดับที่ ประเภท เลขเรียก/บาร์โค้ด สถานที่ สถานะ
1. Book การพยาบาล
Book การพยาบาล
สถานะ=หนังสือเก่า
WY100 ฟ51ป 25546 ฉ.1 
  Barcode: 016978
ห้องสมุดวิทยาเขตนครสวรรค์
►หนังสือทั่วไป:l:General Books
บนชั้น
2. Book การพยาบาล
Book การพยาบาล
สถานะ=หนังสือเก่า
WY100 ฟ51ป 25546 ฉ.2 
  Barcode: 017148
ห้องสมุดวิทยาเขตนครสวรรค์
►หนังสือทั่วไป:l:General Books
บนชั้น
3. Book การพยาบาล
Book การพยาบาล
สถานะ=หนังสือเก่า
WY100 ฟ51ป 25546 ฉ.3 
  Barcode: 017149
ห้องสมุดวิทยาเขตนครสวรรค์
►หนังสือทั่วไป:l:General Books
บนชั้น
4. Book การพยาบาล
Book การพยาบาล
สถานะ=หนังสือเก่า
WY100 ฟ51ป 25546 ฉ.4 
  Barcode: 017150
ห้องสมุดวิทยาเขตนครสวรรค์
►หนังสือทั่วไป:l:General Books
บนชั้น

รายการใกล้เคียง
    ผู้แต่ง [ฟาริดา อิบราฮิม]

    หัวเรื่อง [การพยาบาล]
    หัวเรื่อง [ทฤษฎีการพยาบาล]
    หัวเรื่อง [การพยาบาล, ทฤษฎี]

BibComment


ยังไม่เคยถูกคอมเมนท์

คอมเมนท์ทรัพยากรรายการนี้
  คอมเมนท์: ปฏิบัติการพยาบาลต..


 Copyright 2026. Bcnsprnw @Library